Т. 304, вып. 1 : Геология, поиски и разведка полезных ископаемых Сибири: тематический выпуск; Известия Томского политехнического университета [Известия ТПУ]

Бібліографічні деталі
Parent link:Известия Томского политехнического университета [Известия ТПУ]/ Томский политехнический университет (ТПУ). Т. 304, вып. 1 : Геология, поиски и разведка полезных ископаемых Сибири.— , 2000-
Інші автори: Коробейников А. Ф. Александр Феопенович (редактор)
Резюме:Посвящен 100-летию горно-геологического образования в Сибири
Мова:Російська
Опубліковано: 2001
Предмети:
Формат: MixedMaterials Книга
KOHA link:https://koha.lib.tpu.ru/cgi-bin/koha/opac-detail.pl?biblionumber=162917

MARC

LEADER 00000nam2a2200000 4500
001 162917
005 20231101222346.0
035 |a (RuTPU)RU\TPU\book\176705 
035 |a RU\TPU\book\51970 
090 |a 162917 
100 |a 20090629d2001 k y0rusy50 ca 
101 0 |a rus 
102 |a RU 
105 |a a z 010zy 
200 0 |a Т. 304, вып. 1 : Геология, поиски и разведка полезных ископаемых Сибири  |e тематический выпуск  |f под ред. А. Ф. Коробейникова 
210 |d 2001 
215 |a 343 с.  |c ил. 
300 |a Посвящен 100-летию горно-геологического образования в Сибири 
461 1 |0 (RuTPU)RU\TPU\book\176237  |t Известия Томского политехнического университета [Известия ТПУ]  |f Томский политехнический университет (ТПУ)  |v Т. 304, вып. 1 : Геология, поиски и разведка полезных ископаемых Сибири  |d 2000- 
601 0 2 |a Томский политехнический университет (ТПУ)  |c (1991- )  |2 stltpush  |3 (RuTPU)RU\TPU\col\376 
606 |a Полезные ископаемые  |x Геология  |2 stltpush  |3 (RuTPU)RU\TPU\subj\50069  |9 68818 
610 1 |a геология 
610 1 |a поиски 
610 1 |a разведка 
610 1 |a Сибирь 
610 1 |a региональная геология 
610 1 |a минерагения 
610 1 |a петрография 
610 1 |a литология 
610 1 |a гидрогеология 
610 1 |a инженерная геология 
610 1 |a геологоразведочные работы 
610 1 |a геоэкология 
610 1 |a минеральное сырье 
610 1 |a экономика 
610 1 |a известия 
610 1 |a труды учёных ТПУ 
675 |a 553(571.1/.5)  |v 3 
702 1 |a Коробейников  |b А. Ф.  |c российский геолог, доктор геолого-минералогических наук  |c профессор Томского политехнического университета  |f 1934-  |g Александр Феопенович  |2 stltpush  |3 (RuTPU)RU\TPU\pers\12688  |4 340 
801 0 |a RU  |b 63413507  |c 20011209  |g PSBO 
801 1 |a RU  |b 63413507  |c 20030402  |g PSBO 
801 2 |a RU  |b 63413507  |c 20180326  |g PSBO 
900 |a Геология полезных ископаемых 
942 |c BK